| 000 | 00495nam a22001577a 4500 | ||
|---|---|---|---|
| 003 | NUST | ||
| 038 | _aNusrat Nadeem | ||
| 082 | _a200 | ||
| 100 |
_aAhmad, Sultan _9132656 |
||
| 245 |
_aExtremal Trees for Some Vertex-Degree-Based Topological Indices/ _cSultan Ahmad, |
||
| 264 |
_aIslamabad: _bSNS NUST. _c2025. |
||
| 650 |
_aPhD-Mathematics _9123169 |
||
| 700 |
_aSupervisor: Prof. Rashid Farooq _9132657 |
||
| 856 | _u http://10.250.8.41:8080/xmlui/handle/123456789/56560 | ||
| 942 |
_2ddc _cSC |
||
| 999 |
_c615746 _d615746 |
||